Bengkel penilaian harta kediaman di JPPH Bangi [ 23 - 26 Julai 1996

Bibliographic Details
Corporate Author: INSPEN (Institut Penilaian Negara)
Format: Book
Published: Bangi : JPPH Bangi , 1996
Subjects:

MARC

LEADER 00000cam a2200000 7i4500
001 0000022882
005 20101027.0
008 101025
040 |a INS 
090 0 0 |a VCD 1685 
245 0 0 |a Bengkel penilaian harta kediaman di JPPH Bangi [  |h cakera video] :   |b 23 - 26 Julai 1996 
260 |a Bangi :   |b JPPH Bangi ,   |c 1996 
300 |a 1 cakera video (48 min.) :   |b wrn., by. ;   |c 4 3/4 in. 
500 |a Juga terdapat dalam format VHS 652 
650 0 0 |a Real property 
650 0 0 |a Valuation 
710 1 |a INSPEN (Institut Penilaian Negara) 
999 |a VCD0001685   |b VIDEO CD   |c Media Collection   |e Default branch